| 000 | 00661nam a2200217 a 4500 | ||
|---|---|---|---|
| 005 | 20210223120711.0 | ||
| 008 | 991125s1981 bar 000 0 spa u | ||
| 020 | _a8428102317 | ||
| 035 | _aUPN01000005756 | ||
| 049 | _aCG | ||
| 050 | 4 |
_aQH84 _bL3.28 1981 |
|
| 100 | 1 | _aLacoste, Alain | |
| 245 | 1 | 0 |
_aBiogeografía / _cAlain Lacoste y Robert Salanon ; tr. J. M. Camarasa. |
| 250 | _a3a ed. | ||
| 260 |
_aBarcelona, Esp. : _bOikos-Tau, _c1981. |
||
| 300 |
_a271 p. : _bil., cuadrs., gráfs. |
||
| 440 | 0 |
_aElementos de geografía ; _v1 |
|
| 650 | 4 |
_aANIMALES Y PLANTAS - _xDISTRIBUCION GEOGRAFICA _94744 |
|
| 650 | 4 |
_aGEOGRAFIA HUMANA _914055 |
|
| 905 | _aLibro | ||
| 999 |
_c5756 _d5756 |
||